Postoje budúcich učiteľov k využívaniu digitálnych technológií vo výučbe - prípadová štúdia
Prípadová štúdia, ktorej cieľom bolo zistiť, ako vnímajú nástroje IKT budúci učitelia ekonomických predmetov na stredných školách. To, či budúci učitelia poznajú možnosti reakcií na využívané technológie vo vyučovaní autor zisťoval prostredníctvom štruktúrovaných rozhovorov a digitálneho nástroja pr...
Na minha lista:
| Autor principal: | |
|---|---|
| Formato: | Capítulo de Livro |
| Idioma: | eslovaco |
| Assuntos: | |
| Tags: |
Sem tags, seja o primeiro a adicionar uma tag!
|
MARC
| LEADER | 00000naa$a2200000$$$4500 | ||
|---|---|---|---|
| 001 | 0280384 | ||
| 005 | 20240502083854.0 | ||
| 041 | 0 | |a slo | |
| 044 | |a CZ | ||
| 245 | 1 | 0 | |a Postoje budúcich učiteľov k využívaniu digitálnych technológií vo výučbe - prípadová štúdia |c Ladislav Pasiar |
| 520 | |a Prípadová štúdia, ktorej cieľom bolo zistiť, ako vnímajú nástroje IKT budúci učitelia ekonomických predmetov na stredných školách. To, či budúci učitelia poznajú možnosti reakcií na využívané technológie vo vyučovaní autor zisťoval prostredníctvom štruktúrovaných rozhovorov a digitálneho nástroja pre spätnú väzbu. | ||
| 610 | 2 | 0 | |a technológie informačné |
| 610 | 2 | 0 | |a technológie komunikačné |
| 610 | 2 | 0 | |a technológie nové |
| 610 | 2 | 0 | |a vzdelávanie elektronické |
| 610 | 2 | 0 | |a učitelia |
| 610 | 2 | 0 | |a školy stredné |
| 610 | 2 | 0 | |a štúdie prípadové |
| 100 | 1 | |a Pasiar, Ladislav, 1984- | |